000 00560nam a22001817a 4500
999 _c169432
_d169432
005 20191119173311.0
010 _aENG-126929
020 _c350.00
_a9789388874823
035 _aEN-110461
037 _bDBAD/PUB
082 _aS
245 _aShe stoops to kill :
_ced.by Preeti Gill
_bstories of crime and passion /
260 _aNew Delhi
_bSpeaking Tiger Publishing
_c2019
270 _a4381/4, Ansari Road,
_e110002
_bDaryaganj,New Delhi
_mcontact@zubaanbooks.com
300 _axvi;256p.
_c19cm(pbk)
700 _aGill, Preeti
942 _2ddc
_cEN
_hS
_mSHE